000
00314nam a2200133Ia 4500
100
_a
Detmer richard E
942
_c
BK
654
_a
assembly language
245
_a
Funds of assembly language programming
260
_b
Galgotia Publications
_a
New Delhi
_c
1992
300
_a
530
546
_a
ENGLISH
999
_c
31280
_d
31280